1133 1477 1660 1340 1886 1509 1226 1606 1821 1815 1860 1499 1990 1937 1159 1692 1134 1348 1609 1466 1331 1342 1880 1751 1489 1022 1074 1174 1449 1666 1689 1900 1526 1618 1937 1629 1058 1826 1919 1640 1142 1756 1183 1279 1042 1240 1302 1555 1388 1964 1256 1592 1564 1253 1995 1891 1555 1352 1578 1371 1577 1351 1751 1708 1077 1463 1265 1648 1473 1312 1795 1604 1850 1087 1588 1047 1069 1043 1304 1959 1424 1715 1476 1518 1264 1417 1034 1407 1977 1312 1954 1728 1758 1843 1523 1443 1222 1635 1520 BCNSPRNW ULIB Ver.6.0+V

เปลี่ยนเป็นภาษาไทย

Change to English
 แสดงรายละเอียดบรรณานุกรม
  กลับหน้าหลัก

Brief Record : Get Marc (ISO 2709) : E-mail record : QR code < ปิดหน้าต่าง
LEADER : 00000nam 2200000uu 4500
001    13399123312
003     ULIB
008    140820s2556||||th 000 0 tha d
099    วจ.WK810^bว645ผ
100 0  วิภา เอี่ยมสำอางค์ จารามิลโล
245 00 ผลของการใช้โปรแกรมส่งเสริมการรับรู้สมรรถนะแห่งตนเพื่อการควบคุมเบาหวานสำหรับผู้สูงอายุต่อความรู้พฟติกรรม และการรับรู้สมรรถนะแห่งตนของผุ้สุงอายุโรคเบาหวาน/^cวิภา เอี่ยมสำอางค์ จารามิลโล
260    ลำปาง:^bวิทยาลัยพยาบาลบรมราชชนนี นครลำปาง,^c2556
300    74 หน้า
650  0 ผู้สุงอายุ^xวิจัย
650  0 โรคเบาหวาน^xวิจัย
945    ^p0^l0^i034613
999    ^aเกษร โพธิ์สุวรรณ
รายการนี้ยังไม่มีแท็ก
คุณยังไม่ได้ล็อกอิน คุณสามารถมีกิจกรรมร่วมกับเว็บไซต์ได้ แต่ต้องล็อกอินก่อน ::
  ล็อกอิน

รายการสื่อสารสนเทศ

ลำดับที่ ประเภท เลขเรียก/บาร์โค้ด สถานที่ สถานะ
1. งานวิจัย
งานวิจัย
วจ.WK810 ว645ผ ฉ.1 
  Barcode: 034613
ห้องสมุดวิทยาเขตสวรรค์ประชารักษ์
►วิจัย
บนชั้น

BibComment


ยังไม่เคยถูกคอมเมนท์

คอมเมนท์ทรัพยากรรายการนี้
  คอมเมนท์: ผลของการใช้โปรแกร..


 Copyright 2026. Bcnsprnw @Library